10 Nomes mais populares do Brasil começando com U - Statistics

Estatísticas Gerais
  • Esse quiz foi jogado 151 vezes
  • A pontuação média é 3 de 10
Estatísticas das Respostas
# NOMES FREQUÊNCIA % Correto
4 Úrsula 6.396
75%
1 Ulisses 19.603
71%
3 Umberto 8.364
41%
7 Uriel 3.801
24%
2 Ubirajara 14.517
17%
9 Ubaldo 3.030
16%
10 Urias 2.322
15%
6 Urbano 4.114
11%
5 Ubiraci 4.455
5%
8 Umbelina 3.646
4%
Nenhum quiz correspondente encontrado
Distribuição das Pontuações
Porcentagem de Pessoas com Cada Pontuação
Percentil de Números Respondidos
Sua Pontuação Histórica
Você não jogou esse quiz